[Event "EU-ch U12"]
[Site "Prague"]
[Date "2012.08.22"]
[Round "6"]
[White "Navrodsky, Boris"]
[Black "Gupta, Arul"]
[Result "1/2-1/2"]
[WhiteElo "1953"]
[BlackElo "1728"]
[PlyCount "104"]
[EventDate "2012.08.17"]
[EventType "swiss"]
[EventRounds "9"]
[EventCountry "CZE"]
[SourceTitle "CBM 150 Extra"]
[Source "ChessBase"]
[SourceDate "2012.10.19"]
[SourceVersion "1"]
[SourceVersionDate "2012.10.19"]
[SourceQuality "1"]

1. d4 d5 2. c4 e6 3. Nc3 Nf6 4. cxd5 exd5 5. Bg5 Be7 6. e3 0-0 7. Bd3 Nbd7 8. Nge2 b6 9. 0-0 Bb7 10. Rc1 c5 11. dxc5 bxc5 12. Bb1 Re8 13. a3 Bc6 14. Ba2 Qb6 15. Qc2 d4 16. exd4 cxd4 17. Na4 Bxa4 18. Qxa4 Qxb2 19. Bxf6 Nxf6 20. Qc4 Rf8 21. Nxd4 Qxa3 22. Nf5 Qb4 23. Rfe1 Bd6 24. Nxd6 Qxd6 25. Rcd1 Qb6 26. Re7 Rac8 27. Qb3 Qxb3 28. Bxb3 Rc3 29. Ba2 Rc2 30. Rxa7 Rfc8 31. Bxf7+ Kf8 32. Bb3 Rc1 33. Ra1 R1c3 34. Be6 Re8 35. Re1 Rc6 36. Bb3 Rb6 37. Rxe8+ Kxe8 38. Ba4+ Ke7 39. Re1+ Kd6 40. h3 Rb7 41. Rd1+ Ke5 42. Bc6 Rc7 43. Bf3 Rd7 44. Rxd7 Nxd7 45. Kf1 Kf4 46. Ke2 Ne5 47. g3+ Kf5 48. Bd5 h6 49. Ke3 Nd7 50. Be4+ Kf6 51. f4 g5 52. f5 Ke5 1/2-1/2